WNBA DPOY Quiz - Statistics

General Stats
  • This quiz has been taken 15 times
  • The average score is 13 of 28
Answer Stats
Hint Answer % Correct
Las Vegas Aces A'ja Wilson
100%
Las Vegas Aces A'ja Wilson
100%
Phoenix Mercury Brittney Griner
80%
Phoenix Mercury Brittney Griner
80%
Los Angeles Sparks Candace Parker
80%
Minnesota Lynx Napheesa Collier
70%
Seattle Storm Lauren Jackson
50%
Houston Comets Sheryl Swoopes
50%
Houston Comets Sheryl Swoopes
50%
Houston Comets Sheryl Swoopes
50%
Los Angeles Sparks Lisa Leslie
40%
Los Angeles Sparks Lisa Leslie
40%
Seattle Storm Natasha Howard
40%
Chicago Sky Sylvia Fowles
40%
Chicago Sky Sylvia Fowles
40%
Minnesota Lynx Sylvia Fowles
40%
Minnesota Lynx Sylvia Fowles
40%
Indiana Fever Tamika Catchings
40%
Indiana Fever Tamika Catchings
40%
Indiana Fever Tamika Catchings
40%
Indiana Fever Tamika Catchings
40%
Indiana Fever Tamika Catchings
40%
Los Angeles Sparks Alana Beard
30%
Los Angeles Sparks Alana Beard
30%
New York Liberty Teresa Weatherspoon
30%
New York Liberty Teresa Weatherspoon
30%
Sacramento Monarchs Yolanda Griffith
20%
Miami Sol Debbie Black
10%
No matching quizzes found
Score Distribution
Percent of People with Each Score
Percentile by Number Answered
Your Score History
You have not taken this quiz